Compilers : (Record no. 17995)

MARC details
000 -LEADER
fixed length control field 01113nam a22003257a 4500
003 - CONTROL NUMBER IDENTIFIER
control field EG-ScBUE
005 - DATE AND TIME OF LATEST TRANSACTION
control field 20200310100703.0
008 - FIXED-LENGTH DATA ELEMENTS--GENERAL INFORMATION
fixed length control field 140130t2007 mauak f b 001 0 eng d
020 ## - INTERNATIONAL STANDARD BOOK NUMBER
International Standard Book Number 0321491696
020 ## - INTERNATIONAL STANDARD BOOK NUMBER
International Standard Book Number 9780321491695
040 ## - CATALOGING SOURCE
Original cataloging agency EG-ScBUE
Language of cataloging eng
Description conventions rda
Transcribing agency EG-ScBUE
Modifying agency EG-ScBUE
082 04 - DEWEY DECIMAL CLASSIFICATION NUMBER
Classification number 005.453
Item number COM
Edition number 22
245 00 - TITLE STATEMENT
Title Compilers :
Remainder of title principles, techniques, & tools /
Statement of responsibility, etc Alfred V. Aho, Columbia University [and three others]
250 ## - EDITION STATEMENT
Edition statement Second edition.
250 ## - EDITION STATEMENT
Edition statement International edition.
264 #1 - PUBLICATION, DISTRIBUTION, ETC. (IMPRINT)
Place of publication, distribution, etc Boston, MA :
Name of publisher, distributor, etc Pearson Education, Inc.,
Date of publication, distribution, etc [2007]
264 #4 - PUBLICATION, DISTRIBUTION, ETC. (IMPRINT)
Date of publication, distribution, etc c2007
300 ## - PHYSICAL DESCRIPTION
Extent xxiv, 1009 pages :
Other physical details forms, tables ;
Dimensions 25 cm
336 ## - CONTENT TYPE
Source rdacontent
Content type term text
Content type code txt
337 ## - MEDIA TYPE
Source rdamedia
Media type term unmediated
Media type code n
338 ## - CARRIER TYPE
Source rdacarrier
Carrier type term volume
Carrier type code nc
500 ## - GENERAL NOTE
General note Includes appendices.
504 ## - BIBLIOGRAPHY, ETC. NOTE
Bibliography, etc Includes bibliographical references and index.
650 #7 - SUBJECT ADDED ENTRY--TOPICAL TERM
Topical term or geographic name as entry element Compilers (Computer programs)
Source of heading or term BUEsh
9 (RLIN) 13036
653 ## - INDEX TERM--UNCONTROLLED
Arrived date list January2014
Resource For college Informatics and Computer Science
655 ## - INDEX TERM--GENRE/FORM
Form subdivision Reading book
9 (RLIN) 34232
700 1# - ADDED ENTRY--PERSONAL NAME
Personal name Aho, Alfred V.,
Relator term author.
9 (RLIN) 17981
942 ## - ADDED ENTRY ELEMENTS (KOHA)
Source of classification or shelving scheme Dewey Decimal Classification
Call number prefix 005.453 COM
Koha item type Book - Borrowing
Holdings
Withdrawn status Lost status Source of classification or shelving scheme Damaged status Not for loan Collection code Home library Current library Shelving location Date acquired Source of acquisition Total Checkouts Full call number Barcode Date last seen Price effective from Koha item type
    Dewey Decimal Classification     Baccah Central Library Central Library Lower Floor 30/01/2014     005.453 COM 000035542 15/07/2025 30/01/2014 Book - Borrowing
    Dewey Decimal Classification     Baccah Central Library Central Library Lower Floor 10/03/2020 Purchase   005.453 COM 000048973 15/07/2025 10/03/2020 Book - Borrowing